Dutch silver (Record no. 5658)

MARC details
000 -CABECERA
campo de control de longitud fija 00633nam a2200205 a 4500
001 - NÚMERO DE CONTROL
campo de control BRCA_5969
005 - FECHA Y HORA DE LA ÚLTIMA TRANSACCIÓN
campo de control 20190320205300.0
008 - DATOS DE LONGITUD FIJA--INFORMACIÓN GENERAL
campo de control de longitud fija 250311s1961----ne-a######---#000-0#eng-#
041 ## - CÓDIGO DE LENGUA
Código de lengua del texto/banda sonora o título independiente eng
044 ## - CÓDIGO DEL PAÍS DE LA ENTIDAD EDITORA/PRODUCTORA
Código MARC del país ne
050 #4 - SIGNATURA TOPOGRÁFICA DE LA BIBLIOTECA DEL CONGRESO
Número de clasificación NK7154
Número de documento/Ítem .F74 1961
100 1# - ENTRADA PRINCIPAL--NOMBRE DE PERSONA
Nombre de persona Frederiks, Johan Willem
9 (RLIN) 15072
245 10 - MENCIÓN DE TÍTULO
Título Dutch silver
Resto del título embossed ecclesiastical and secular plate from the Renaissance until the end of the eighteenth century
Mención de responsabilidad, etc. J. W. Frederiks.
260 ## - PUBLICACIÓN, DISTRIBUCIÓN, ETC.
Lugar de publicación, distribución, etc. La Haya
Nombre del editor, distribuidor, etc. N. Nijhoff
Fecha de publicación, distribución, etc. 1961
300 ## - DESCRIPCIÓN FÍSICA
Extensión xxxvi, 179 p.
Otras características físicas il., 334 láminas
Dimensiones 33 cm.
500 ## - NOTA GENERAL
Nota general G91
650 14 - PUNTO DE ACCESO ADICIONAL DE MATERIA--TÉRMINO DE MATERIA
Término de materia o nombre geográfico como elemento de entrada Platería holandesa
9 (RLIN) 15073
902 ## - CATALOGADOR
Iniciales GFM
942 ## - ELEMENTOS DE PUNTO DE ACCESO ADICIONAL (KOHA)
Fuente del sistema de clasificación o colocación Library of Congress Classification
Tipo de ítem Koha Libros
Holdings
Estado de retiro Estado de pérdida Estado dañado No para préstamo Localización permanente Ubicación/localización actual Fecha de adquisición Número de inventario Total de préstamos Signatura topográfica completa Código de barras Fecha visto por última vez Precio válido a partir de Tipo de ítem Koha
El ejemplar forma parte de la colección y puede ser consultado según las políticas vigentes.       Biblioteca del Museo Franz Mayer (Rogerio Casas-Alatriste) Biblioteca del Museo Franz Mayer (Rogerio Casas-Alatriste) 25/03/2011 G91   NK7154 .F74 1961 (G91) 6408 22/03/2019 22/03/2019 Libros